Quizzes
Events
Quiz Creation
Community
Videos
Private Events
Remove Ads
Sign In
Join for FREE
Feedback
Dark Mode
Quiz Categories
Sports
Geography
Music
Movies
Television
Just For Fun
Miscellaneous
History
Literature
Language
Science
Gaming
Entertainment
Religion
Holiday
For Kids
Quiz Lab
Recent
Popular Today
Quiz Kudos Today
Editor Picks
Curator Picks
Quizzes by...
Day
Popularity
Type
Ratings
Length
Year
Community
Subscriptions
Recent Discussions
Orange Saloon
Badges
Playlists
Quests
Create
Leaderboards
Showdown
Live 5
Trivia Bingo
Activity
Puzzle Library
Sporcle Events
Private Events
Virtual Trivia
Globe League
Become a Host
Pub Owners
SporcleCon
Opinionation
Our Games
Videos
Blog
Mobile Apps
Partnerships
Remove Ads and Go Orange
Feedback
Sports
Athletes
MLB
NBA
NHL
NFL
Soccer
Sports Teams
WWE
NCAA
Football
Premier League
Basketball
Baseball
Hockey
Golf
Tennis
Cricket
Rugby
Auto Racing
Olympics
World Cup
Sports
Athletes
MLB
NBA
NHL
NFL
Soccer
Sports Teams
WWE
NCAA
Football
Premier League
Basketball
Baseball
Hockey
Golf
Tennis
Cricket
Rugby
Auto Racing
Olympics
World Cup
Random Quiz
Search Sporcle
×
Quiz Lab
Quiz Lab
Sports
Football
Type in answers that appear in a list
Type in answers that appear in a list
Classic
Best Score? Go Orange.
Man City opponents in Sheikh Mansour era Stats
Can you name all of Manchester City's opponents during the Sheikh Mansour era?
By
leopoldoloeb
10m
76 Questions
148 Plays
148 Plays
148 Plays
Comments
Comments
Give Quiz Kudos
Give Quiz Kudos
-
- Ratings
hide this ad
Replay
Link that replays current quiz
Next Quiz
Link to next quiz in quiz playlist
You Got
0%
They Got
Avg Score
54%
Avg Friend Score
Upgrade to see
Score Distribution
Jump to the score distribution portion of the page
Score
0/76
Timer
10:00
0
Plays Today
% Correct
Arsenal
95.3%
Manchester United
94.6%
Chelsea
91.9%
Liverpool
90.5%
Aston Villa
89.2%
Real Madrid
87.2%
West Ham United
85.8%
Barcelona
85.8%
Sunderland
85.8%
Newcastle United
85.1%
Everton
83.8%
Tottenham Hotspur
83.1%
West Bromwich Albion
83.1%
Bayern Munich
81.8%
Southampton
80.4%
Monaco
80%
Stoke City
79.7%
Swansea City
78.4%
Burnley
77%
Norwich City
76.4%
Wigan Athletic
75%
Fulham
73.6%
Juventus
73.6%
Leicester City
73.6%
Blackburn Rovers
73%
Bournemouth
73%
Bolton Wanderers
72.3%
Crystal Palace
72.3%
Watford
72.3%
Middlesbrough
71.6%
Borussia Dortmund
71.6%
Paris St-Germain
70.9%
Hull City
70.3%
Wolverhampton Wanderers
70.3%
Cardiff City
70.3%
Portsmouth
67.6%
Queens Park Rangers
66.9%
Ajax
64.2%
% Correct
Leeds United
63.5%
Shakhtar Donetsk
61.9%
Birmingham City
61.5%
CSKA Moscow
60.1%
Huddersfield Town
60%
Celtic
59.5%
Blackpool
58.8%
Sevilla
58.1%
Sheffield Wednesday
56.8%
Roma
56.8%
Reading
56.1%
Feyenoord
52.4%
Porto
51.4%
Napoli
50.7%
Nottingham Forest
45.9%
FC Basel
45%
Bristol City
45%
Borussia Monchengladbach
43.9%
Brighton & Hove Albion
43.2%
Sporting Lisbon
43.2%
Barnsley
43.2%
Dynamo Kiev
41.9%
Villarreal
37.8%
Schalke 04
35.1%
Notts County
32.4%
Hamburg
28.4%
Viktoria Plzen
25%
Scunthorpe United
24.3%
Lech Poznan
23%
Aalborg
21.6%
Steaua Bucharest
21.4%
FC Copenhagen
19.6%
Red Bull Salzburg
19.6%
FC Twente
17.6%
FC Timisoara
12.2%
Racing Santander
11.5%
Aris Salonika
11.5%
Omonia Nicosia
9.5%
Quiz Playlist
Details
Report
Send in Message
Add To Playlist
Classic:
Type in answers that appear in a list
Last Updated: Apr 24, 2018
Quiz Scoreboard
CHALLENGE
Sign Up to Join the Scoreboard
Show All
Scores
Hide
Comments
May contain spoilers
Recently Published
9x9 Crossword: Cartoon Network
by jackfrog10
Miscellaneous
3m
College Basketball Coaching Resumes
by pancakes188
Sports
9m
Billboard Blitz: Fleetwood Mac
by CooCooCachoo
Music
15s
More to Explore
Quiz From the Vault
Featured Blog Post
Where Did the Easter Bunny Come From?
hide this ad
You Might Also Like...
Tags
Football Quiz
Premier League Quiz
Soccer Quiz
English Soccer
Manchester City
Today's Top Quizzes in Sports
Browse Sports
hide this ad
Today's Top Quizzes in Football
Browse Football
Top Contributed Quizzes in Sports
1
2022 World Cup Stars
2
Les meilleurs buteurs des matchs entre le PSG et l’OM
3
FIFA Club World Cup Champions
4
Les entraîneurs de l'OM et du PSG au 21e siècle
5
Criteria MLB: Left Handed Sluggers
6
2023 MLB Unique Player Accomplishments
7
AFC Teams Reveal (Wrong Answers Minefield)
8
Players with Multiple 50 Home Run Seasons
9
5-to-1: FBS Animal Nicknames
10
5-to-1: UK Sports Teams
Explore More
Trending Topics
Harry Potter
Crossword
Disney
Marvel
NBA
Kpop
Anime
WWE
Country
Puzzle
The Office
Song
Soccer
Pokémon
NFL
hide this ad
More By:
leopoldoloeb
Quiz
Plays
Rating
Category
Featured
Created
Man City opponents in Sheikh Mansour era
148
3.00
Sports
Jul 15, 2016
Go to Creator's Profile
Score Distribution
Quiz Creator Spotlight
leopoldoloeb
Follow
Send a Message
Quizzes Created
-
Created Quiz Play Count
-
More By This Creator
Popular Quizzes Today
1
Find the US States - No Outlines Minefield
2
Find the Countries of Europe - No Outlines Minefield
3
The Countries of the World
4
Find the US States
5
Risky Map Clicking: Biggest States A-Z
6
US States
7
Popular People in 1961
8
Movies - When Are They Set?
More Sports Quizzes
Premier League Blitz: Manchester United
Quiz Lab
Trending Quizzes
Risky Map Clicking: Least Populous States A-Z
1-10 Letter G Words
Risky Map Clicking: Next State Alphabetically
Adjectives in 80s TV Shows
Risky Map Clicking: Biggest States A-Z
Recently Updated
Leaping Animals
pecheneg
Reality TV Shows (A-Z)
bhenderson79
Rickey Henderson's Hall of Fame Teammates
pecheneg
Champions League XIs: Arsenal
pecheneg
Quick Pick: Celebrities in WWE's Hall of Fame
aduchscher
A-Z Keypad Blitz II
pecheneg
Multiple Oscar Actors
pecheneg
Mystery Phrase Blitz: Oscar 'Best Actors'
pecheneg
F. Scott Fitzgerald Novels
LTH
Pick 3 Villains
ddd62291
Trending Topics
Anime
Marvel
Harry Potter
NBA
Disney
Kpop
Crossword
WWE
Song
Country
Puzzle
Soccer
Pokémon
NFL
The Office
Your Account Isn't Verified!
In order to create a playlist on Sporcle, you need to verify the email address you used during registration. Go to your
Sporcle Settings
to finish the process.
Report this User
Report this user for behavior that violates our
Community Guidelines
.
Details:
Send Report
Go to the Sporcle.com Mobile Site →
Comments